000 00602nam a2200241Ia 4500
003 OSt
005 20221007094758.0
006 a|||||r|||| 00| 0
007 ta
008 221006b |||||||| |||| 00| 0 eng d
024 _a22
037 _cTextual
040 _aLCO
_cLCO
_beng
041 _2eng
_aeng
082 _aZ2,9298, M6
100 _aDAYAL R
245 0 _aAdministrative Law
260 _aAllahabad
_bAllahabad Law Agency
_c1986
300 _a343
650 _aADMINISTRATIVE LAW
_9681514
942 _hZ2,9298, M6
_cTEXL
999 _c1169585
_d1169585